书目信息 |
| 题名: |
人类遗传学
|
|
| 作者: | 刘洪珍 主编 | |
| 分册: | ||
| 出版信息: | 北京 高等教育出版社 2009 |
|
| 页数: | 321页 | |
| 开本: | 23cm | |
| 丛书名: | ||
| 单 册: | ||
| 中图分类: | Q987 | |
| 科图分类: | ||
| 主题词: | 人类遗传学--Ren Lei Yi Chuan Xue | |
| 电子资源: | ||
| ISBN: | 978-7-04-027391-5 | |
| 000 | 00727nam0 2200265 450 | |
| 001 | 012001002200 | |
| 005 | 20191122094001.32 | |
| 010 | @a978-7-04-027391-5@dCNY26.70 | |
| 099 | @aCAL 012009107867 | |
| 100 | @a20090817d2009 ekmy0chiy50 ea | |
| 101 | 0 | @achi |
| 102 | @aCN@b110000 | |
| 105 | @aak a 000yy | |
| 106 | @ar | |
| 200 | 1 | @a人类遗传学@ARen Lei Yi Chuan Xue@f刘洪珍主编 |
| 205 | @a第2版 | |
| 210 | @a北京@c高等教育出版社@d2009 | |
| 215 | @a321页@c图@d23cm | |
| 300 | @a高等学校教材 | |
| 320 | @a有书目 (第320-321页) | |
| 606 | 0 | @a人类遗传学@ARen Lei Yi Chuan Xue |
| 690 | @aQ987@v4 | |
| 701 | 0 | @a刘洪珍@ALiu Hong Zhen@4主编 |
| 801 | 0 | @aCN@b北京卓展@c20191020 |
| 905 | @b1199814-7@dQ987@e78=2@f4 | |
| 人类遗传学/刘洪珍主编.-第2版.-北京:高等教育出版社,2009 |
| 321页:图;23cm |
| 高等学校教材 |
| ISBN 978-7-04-027391-5:CNY26.70 |
| ● |
| 相关链接 |
|
|
|
|
正题名:人类遗传学
索取号:Q987/78=2
 
预约/预借
| 序号 | 登录号 | 条形码 | 馆藏地/架位号 | 状态 | 备注 |
| 1 | 1199814 | 211998141 | 第二样本阅览室/ [索取号:Q987/78=2] | 在馆 | |
| 2 | 1199815 | 211998150 | 第三借阅区/ [索取号:Q987/78=2] | 在馆 | |
| 3 | 1199816 | 211998169 | 第三借阅区/ [索取号:Q987/78=2] | 在馆 | |
| 4 | 1199817 | 211998178 | 第三借阅区/ [索取号:Q987/78=2] | 在馆 |